| 000 | 01040nam a22003137a 4500 | ||
|---|---|---|---|
| 003 | CHAP | ||
| 005 | 20220329134511.0 | ||
| 008 | 971013s1984 r 00010 d | ||
| 010 | _a21248 | ||
| 011 | _a22220 | ||
| 035 | _a26313 | ||
| 040 | _cCHAP | ||
| 082 |
_a595.701 _bB64 |
||
| 100 | 0 | 0 |
_aBorkvec, Alexej B. _eed. _913899 |
| 245 |
_aInsect neurochemistry and neurophysiology _b: proceedings of an International Conference ... |
||
| 260 |
_aNew York : _bPlenum, _c1984 |
||
| 300 |
_a523 p. _b: ilus. ; gráfs. |
||
| 590 |
_aBATCH-UPD _b10 _c20130110 _lUCH01 _h0005 |
||
| 590 |
_aBATCH-UPD _b10 _c20130110 _lUCH01 _h0852 |
||
| 590 |
_aBATCH-UPD _b10 _c20130410 _lUCH01 _h0524 |
||
| 590 |
_aBATCH-UPD _b10 _c20130914 _lUCH01 _h0659 |
||
| 590 |
_aCONVERSION _b10 _c20130109 _lUCH01 _h1313 |
||
| 650 | 1 | 4 |
_aInsectos _xAnatomía y fisiología. _958891 |
| 650 | 1 | 4 |
_aSistema nervioso. _9106730 |
| 700 | 0 |
_aKelly, Thomas J. _eed. _962965 |
|
| 901 | _aBK | ||
| 942 | _cLIBRO | ||
| 949 |
_a595.701 B64 _bBC _cLIBRO _d33724000366050 _eLIBRO _h63848 _i26313 _si |
||
| 999 |
_c21248 _d21248 |
||